000 01408nam a2200397 i 4500
001 10782
003 KOSZ 005
005 20200904104535.0
008 071011s1966 pl a f 001 0 pol
015 _aPB 1966/1719
040 _aWA N
_cWA N
_dKOSZ 005/RW
_dKOSZ 005/HR
046 _k1966
080 _a620.1
080 _a539.4
100 1 _aJakubowicz, Antoni
_d(?-1999)
_eAutor
245 1 0 _aWytrzymałość materiałów /
_cAntoni Jakubowicz, Zbigniew Orłoś.
260 _aWarszawa :
_bWydawnictwa Naukowo-Techniczne,
_c1966.
300 _a611, [1] s. :
_bil. ;
_c25 cm.
336 _2rdacontent
_aTekst
_btxt
337 _2rdamedia
_aBez urządzenia pośredniczącego
_bn
338 _2rdacarrier
_aWolumin
_bnc
380 _aKsiążki
380 _aPublikacje dydaktyczne
385 _mPoziom nauczania
_aSzkoły wyższe
388 _a1901-2000
388 _a1945-1989
504 _aBibliogr. s. 607-[608]. Indeks.
521 8 _aDla studentów politechnik oraz inżynierów konstruktorów.
650 4 _aWytrzymałość materiałów
655 4 _aPodręczniki akademickie
658 _aInżynieria i technika
700 1 _aOrłoś, Zbigniew
_d(1921-2014)
_eAutor
710 2 _aWydawnictwa Naukowo-Techniczne
_4pbl.
856 _uhttp://koha.tu.koszalin.pl/cgi-bin/koha/opac-detail.pl?biblionumber=10782
_yKatalog online BPK
942 _2UKD
_cKS
999 _c10782
_d10782